Responses for show #5256 - Monday, June 18, 2007

Contestants

[<< previous game]

Shane Glynn, a probation officer from Phoenix, Arizona

Kai-Ning Jan, a pediatrician from Culver City, California

Alex Hovan, a graduate student from Champaign, Illinois (whose 1-day cash winnings total $18,100)

[next game >>]

Jeopardy! Round responses

STATE BIRDS
PICK THE OSCAR WINNER
RADIO CITIES
YOU'VE NEVER LOOKED LOVELIER
WINE
"MOTHER", "FATHER", "SISTER", "BROTHER"
(Alex: Each one in quotation marks. So that means one--or perhaps more than one--will come up as a correct response.)
    $200 26
Minnesota

Alex
    $200 11
Jennifer Hudson

Kai-Ning
    $200 21
Cincinnati

Kai-Ning
    $200 6
King David

Kai-Ning
    $200 16
salt

Alex
    $200 1
the Father of his Country

Kai-Ning
    $400 27
the cardinal

Alex
    $400 12
Vivien Leigh

Kai-Ning
    $400 22
New York City

Alex
    $400 7
Queen Guinevere

Kai-Ning
    $400 17
(Alex Trebek: You decant it to eliminate [*] that has formed in the bottle at the bottom. Usually.)

the sediment

Triple Stumper
    $400 2
Big Brother

Shane
    $600 28
a finch

Alex
    $600 13
Renee Zellweger

Alex
    $600 23
Chicago

Shane
    $600 8
(Shane: Who is Cleopatra?)

Nefertiti

Kai-NingShane
    $600 18
rose (or rosé)

Shane
    $600 3
the Mother of Pearl

Kai-Ning
    $800 29
a mockingbird

Shane
    $800 14
Tatum O'Neal

Alex
    $800 24
Dollywood

Alex
    $1,000 9
Helen of Troy

Kai-Ning
    $800 19
(Alex Hovan: What is champagne?)
...
(Alex Trebek: Romanée-Conti from [*]--[*].)

Burgundy

Alex
Triple Stumper
    $800 4
(Alex Trebek: Ah, we are going to stump you with [*]?)

sister cities

Triple Stumper
    $1000 30
a quail

Shane
    $1000 15
(Alex Trebek: And in that film, it was [*] winning the Oscar.)

Timothy Hutton

Triple Stumper
    $1000 25
Atlanta

Alex
    $1000 10
(Alex Trebek: And the vice president was [*].)

Aaron Burr

Triple Stumper
    $1000 20
the nose (or the aroma)

Alex
    $1000 5
Mother Courage

Triple Stumper

Scores at the first commercial break (after clue 15):

Alex Kai-Ning Shane
$1,400 $3,600 -$200

Scores at the end of the Jeopardy! Round:

Alex Kai-Ning Shane
$5,200 $3,800 $2,800

Double Jeopardy! Round responses

MIDWAY
THE MUSICAL '90s
AMERICAN PLAYS
BORN IN TRANSYLVANIA
LET'S GET MARRIED
I LOVE "U"
    $400 17
a seal

Shane
    $400 13
Madonna

Kai-Ning
    $400 20
Lyndon Johnson

Kai-Ning
    $400 11
Vlad the Impaler

Alex
    $400 6
Ferdinand & Isabella

Kai-Ning
    $400 1
the unicorn

Alex
    $800 18
Interior

Alex
    $800 19
Princess Stephanie

Kai-Ning
    $800 21
Eugene O'Neill

Triple Stumper
    $800 12
(Johnny) Weissmuller

Alex
    $800 7
William Shakespeare

Kai-Ning
    $800 2
Utah

Kai-Ning
    $1200 28
(Alex Hovan: What is Northwest?)

Pan Am

AlexShane
    $1200 25
Prince

Triple Stumper
    $1,000 22
(Kai-Ning: What is The Scopes Monkey Trial?)

Inherit the Wind

Kai-Ning
    $1200 14
Washington Wizards

Shane
    $1200 8
Geena Davis

Kai-Ning
    $1200 3
a utensil

Shane
    $1600 29
the albatross

Triple Stumper
    $1600 26
(Alex Hovan: Who is Sanborn?)

Kenny G

AlexShane
    $1600 23
The Glass Menagerie

Triple Stumper
    $1600 15
Bela Lugosi

Kai-Ning
    $2,000 9
Wallis Simpson

Kai-Ning
    $1600 4
underwriters

Kai-Ning
    $2000 30
the DEW line

Triple Stumper
    $2000 27
Moby

Alex
    $2000 24
(John) Mahoney

Alex
    $2000 16
Elie Wiesel

Kai-Ning
    $2000 10
Pocahontas & John Rolfe

Kai-Ning
    $2000 5
the Urals

Alex

Scores at the end of the Double Jeopardy! Round:

Alex Kai-Ning Shane
$10,800 $16,800 $8,400

[wagering suggestions for these scores]

Final Jeopardy! Round responses

19th CENTURY ROYALTY
ShaneWho is Norton?
$8,400
AlexWho is the Shah of Iran?
$6,002
Kai-NingWho was Pernell?
$4,801
Emperor Maximilian

Final scores:

Alex Kai-Ning Shane
$4,798 $11,999 $0
2nd place: $2,000 New champion: $11,999 3rd place: $1,000

Game dynamics:

Coryat scores:

Alex Kai-Ning Shane
$10,800 $17,200 $8,400
17 R,
3 W
21 R
(including 2 DDs),
1 W
(including 1 DD)
10 R,
1 W

Combined Coryat: $36,400

The J! Archive is created by fans, for fans. The Jeopardy! game show and all elements thereof, including but not limited to copyright and trademark thereto, are the property of Jeopardy Productions, Inc. and are protected under law. This website is not affiliated with, sponsored by, or operated by Jeopardy Productions, Inc. Join the discussion at JBoard.tv.